| 000 | 00675nam a2200229 a 4500 | ||
|---|---|---|---|
| 005 | 20231207063615.0 | ||
| 008 | 991125s1981 bar 000 0 spa u | ||
| 020 | _a8472221814 | ||
| 035 | _aUPN01000020439 | ||
| 049 | _aCG | ||
| 050 | 4 |
_aLB3081 _bF7.48 1981 |
|
| 100 | 1 |
_aFreinet, Célestin, _d1896-1966 |
|
| 245 | 1 | 3 |
_aEl equilibrio mental del niño / _cCélestin Freinet ; tr. José Cano Tembleque. |
| 250 | _a2a ed. | ||
| 260 |
_aBarcelona (Esp.) : _bLaia, _c1981. |
||
| 300 | _a168 p. | ||
| 440 | 0 |
_aLibros cuadernos de pedagogía ; _v2 |
|
| 650 | 2 |
_aDislexia _97896 |
|
| 650 | 4 |
_aFOBIA A LA ESCUELA _920867 |
|
| 650 | 7 |
_aNiños problema _2 _912088 |
|
| 905 | _aLibro | ||
| 999 |
_c20439 _d20439 |
||